<?xml version="1.0" encoding="UTF-8"?>
<record
    xmlns:xsi="http://www.w3.org/2001/XMLSchema-instance"
    xsi:schemaLocation="http://www.loc.gov/MARC21/slim http://www.loc.gov/standards/marcxml/schema/MARC21slim.xsd"
    xmlns="http://www.loc.gov/MARC21/slim">

  <leader>00379    a2200133   4500</leader>
  <controlfield tag="005">20250606091613.0</controlfield>
  <datafield tag="020" ind1=" " ind2=" ">
    <subfield code="a">13:978-1-4338-0734-3</subfield>
  </datafield>
  <datafield tag="082" ind1=" " ind2=" ">
    <subfield code="a">658.3 IND</subfield>
  </datafield>
  <datafield tag="245" ind1=" " ind2=" ">
    <subfield code="a">Industrial and Organizational Psychology</subfield>
  </datafield>
  <datafield tag="260" ind1=" " ind2=" ">
    <subfield code="a">Washington DC,</subfield>
    <subfield code="b">American Library Association.</subfield>
    <subfield code="c">2011.</subfield>
  </datafield>
  <datafield tag="300" ind1=" " ind2=" ">
    <subfield code="a">vii, 960p.; ill.; tables</subfield>
    <subfield code="b">Index.</subfield>
    <subfield code="c">28cm.</subfield>
  </datafield>
  <datafield tag="700" ind1=" " ind2=" ">
    <subfield code="a">XEDECK, S.</subfield>
  </datafield>
  <datafield tag="942" ind1=" " ind2=" ">
    <subfield code="2">ddc</subfield>
    <subfield code="c">BKS</subfield>
  </datafield>
  <datafield tag="999" ind1=" " ind2=" ">
    <subfield code="c">3287</subfield>
    <subfield code="d">3287</subfield>
  </datafield>
  <datafield tag="952" ind1=" " ind2=" ">
    <subfield code="r">2025-06-06 09:18:53</subfield>
    <subfield code="l">0</subfield>
    <subfield code="o">658.3 IND</subfield>
    <subfield code="p">DOM000114</subfield>
    <subfield code="v">999999.99</subfield>
    <subfield code="w">2025-06-06</subfield>
    <subfield code="y">BKS</subfield>
    <subfield code="1">0</subfield>
    <subfield code="2">ddc</subfield>
    <subfield code="4">0</subfield>
    <subfield code="7">0</subfield>
    <subfield code="0">0</subfield>
    <subfield code="a">004</subfield>
    <subfield code="b">004</subfield>
    <subfield code="c">SPECIAL</subfield>
    <subfield code="d">2025-03-12</subfield>
    <subfield code="g">601030.00</subfield>
  </datafield>
  <datafield tag="952" ind1=" " ind2=" ">
    <subfield code="r">2025-06-06 09:19:21</subfield>
    <subfield code="l">0</subfield>
    <subfield code="o">658.3 IND</subfield>
    <subfield code="p">DOM000117</subfield>
    <subfield code="v">999999.99</subfield>
    <subfield code="w">2025-06-06</subfield>
    <subfield code="y">BKS</subfield>
    <subfield code="1">0</subfield>
    <subfield code="2">ddc</subfield>
    <subfield code="4">0</subfield>
    <subfield code="7">0</subfield>
    <subfield code="0">0</subfield>
    <subfield code="a">004</subfield>
    <subfield code="b">004</subfield>
    <subfield code="d">2025-03-12</subfield>
    <subfield code="g">601030.00</subfield>
  </datafield>
  <datafield tag="952" ind1=" " ind2=" ">
    <subfield code="r">2025-06-06 09:20:01</subfield>
    <subfield code="l">0</subfield>
    <subfield code="o">658.3 IND</subfield>
    <subfield code="p">DOM000116</subfield>
    <subfield code="v">999999.99</subfield>
    <subfield code="w">2025-06-06</subfield>
    <subfield code="y">BKS</subfield>
    <subfield code="1">0</subfield>
    <subfield code="2">ddc</subfield>
    <subfield code="4">0</subfield>
    <subfield code="7">0</subfield>
    <subfield code="0">0</subfield>
    <subfield code="a">004</subfield>
    <subfield code="b">004</subfield>
    <subfield code="d">2025-03-12</subfield>
    <subfield code="g">601030.00</subfield>
  </datafield>
</record>
